000 00424nam a2200181Ia 4500
001 8529
005 20260306160616.0
008 260306t2013||||xx |||||||||||||| ||spa||
041 _aESP
082 _a371.102
_bD74T
100 _aHerrán, Agustín de la
_eAUT
245 0 _aTécnicas de enseñanza
260 _c2013
300 _a241 páginas :
_c23 cm.
650 _aGEN
654 _aCED
942 _cLIB
_dJUS
_fJUS
_2ddc
_n
999 _c8529
_d8529